[Event "4NCL Online Division 5"]
[Site "online"]
[Date "2020.05.05"]
[Round "5.42"]
[White "Dorman, Orla"]
[Black "Dabner, Tom"]
[Result "0-1"]
[WhiteElo "1464"]
[BlackElo "1690"]
[PlyCount "88"]
[EventDate "2020.05.05"]
[WhiteTeam "Kent KJCA Kestrels D"]
[BlackTeam "Nottingham University 2"]

1. e4 d5 2. exd5 Nf6 3. d4 Nxd5 4. c4 Nb4 5. a3 N4c6 6. d5 Ne5 7. Nc3 Bf5 8. f4
Ng4 9. h3 Nf6 10. g4 Be4 11. Nxe4 Nxe4 12. Bg2 Ng3 13. Rh2 e6 14. Nf3 exd5 15.
cxd5 Bd6 16. Qb3 Nd7 17. Ng5 O-O 18. Qxg3 Qxg5 19. Be3 Rae8 20. Kd2 Rxe3 21.
Kxe3 Re8+ 22. Be4 Qxd5 23. Qf3 Nc5 24. Kf2 Nxe4+ 25. Kg1 Bc5+ 26. Kh1 Ng3+ 27.
Kg2 Re2+ 28. Kxg3 Re3 29. Rf2 Rxf3+ 30. Rxf3 Qd2 31. Raf1 Qxb2 32. a4 Qd4 33.
a5 b6 34. axb6 cxb6 35. Re1 h6 36. Re8+ Kh7 37. Re1 a5 38. Rff1 a4 39. Rd1 Qe3+
40. Rf3 Qe2 41. Rdf1 a3 42. R3f2 Qxf2+ 43. Rxf2 Bxf2+ 44. Kxf2 a2 0-1

[Event "4NCL Online Division 5"]
[Site "online"]
[Date "2020.05.05"]
[Round "5.43"]
[White "Kuralla, Kaushik"]
[Black "Brightley-Davies, Ciaran"]
[Result "1-0"]
[WhiteElo "1585"]
[BlackElo "1454"]
[PlyCount "125"]
[EventDate "2020.05.05"]
[WhiteTeam "Nottingham University 2"]
[BlackTeam "Kent KJCA Kestrels D"]

1. d4 e6 2. c4 Nf6 3. Nc3 Bb4 4. Bd2 b6 5. Nf3 Bxc3 6. Bxc3 Ne4 7. Qc2 Bb7 8.
e3 O-O 9. Bd3 f5 10. O-O-O a5 11. a4 d5 12. b3 Qd6 13. Bxe4 fxe4 14. Ne5 Nd7
15. Nxd7 Qxd7 16. Qe2 Qd6 17. Rdf1 Ba6 18. f3 Qa3+ 19. Qb2 Qxb2+ 20. Kxb2 exf3
21. gxf3 dxc4 22. Rf2 cxb3 23. Kxb3 c5 24. dxc5 bxc5 25. Rg1 c4+ 26. Kc2 Rf7
27. Bd4 Rb8 28. Rfg2 g6 29. f4 Rb3 30. Rg5 Rf5 31. e4 Rxf4 32. Rxa5 Rxe4 33.
Rd1 Re2+ 34. Rd2 Rxd2+ 35. Kxd2 Bb7 36. Ra7 Rd3+ 37. Kc2 Rxd4 38. Rxb7 c3 39.
Ra7 Rc4 40. a5 Rh4 41. Kxc3 Rxh2 42. a6 Ra2 43. Kb3 Ra1 44. Kb2 Ra5 45. Kb3 h5
46. Kb4 Ra1 47. Kb5 h4 48. Rd7 h3 49. Rd2 g5 50. Kb6 g4 51. a7 g3 52. Rd1 g2
53. Rxa1 h2 54. a8=Q+ Kf7 55. Qxg2 e5 56. Qxh2 e4 57. Rf1+ Ke6 58. Qh6+ Kd5 59.
Qg5+ Kd4 60. Rd1+ Kc3 61. Qe3+ Kc2 62. Rd2+ Kc1 63. Qe1# 1-0

[Event "4NCL Online Division 5"]
[Site "online"]
[Date "2020.05.05"]
[Round "5.44"]
[White "Chaban, Roxolana"]
[Black "Litherland, Jack"]
[Result "1-0"]
[WhiteElo "1462"]
[BlackElo "1300"]
[PlyCount "43"]
[EventDate "2020.05.05"]
[WhiteTeam "Kent KJCA Kestrels D"]
[BlackTeam "Nottingham University 2"]

1. e4 e5 2. Nf3 Nc6 3. Bc4 Bc5 4. c3 d6 5. d4 exd4 6. cxd4 Nxd4 7. Nxd4 Nf6 8.
Nc3 O-O 9. O-O Re8 10. Nb3 Bb6 11. Bg5 Be6 12. Bxe6 Rxe6 13. Nd5 Rxe4 14. Qf3
Re6 15. Rfe1 c6 16. Rxe6 fxe6 17. Nxf6+ gxf6 18. Bxf6 Qf8 19. Qg4+ Kf7 20. Bh4
Ke8 21. Qxe6+ Qe7 22. Qxe7# 1-0

[Event "4NCL Online Division 5"]
[Site "online"]
[Date "2020.05.05"]
[Round "5.51"]
[White "Shah, Kian"]
[Black "McGettigan, Andrew"]
[Result "1-0"]
[WhiteElo "1735"]
[BlackElo "1723"]
[PlyCount "89"]
[EventDate "2020.05.05"]
[WhiteTeam "Chess Warriors"]
[BlackTeam "CSC 5"]

1. e4 c6 2. d4 d5 3. e5 Bf5 4. c3 e6 5. Nf3 Nd7 6. Bd3 Bxd3 7. Qxd3 Ne7 8. O-O
c5 9. Re1 Nc6 10. Bf4 Qb6 11. Nbd2 Be7 12. a4 cxd4 13. cxd4 O-O 14. Nf1 Rac8
15. Ne3 h6 16. Nc2 Nb4 17. Nxb4 Qxb4 18. Bd2 Qc4 19. Qxc4 Rxc4 20. Rec1 Rfc8
21. Rxc4 Rxc4 22. Rc1 Rxc1+ 23. Bxc1 Nb8 24. Bd2 Nc6 25. Kf1 f6 26. exf6 Bxf6
27. Bc3 a5 28. Ke2 Kf7 29. Ke3 Ke7 30. g4 g5 31. Ne5 Bxe5 32. dxe5 Kf7 33. f4
gxf4+ 34. Kxf4 Kg6 35. h4 b6 36. h5+ Kg7 37. b3 Kf7 38. Be1 Nb8 39. Bf2 Nd7 40.
Bd4 Nc5 41. Be3 Nd3+ 42. Kg3 Kg7 43. Bxb6 Nxe5 44. Bd4 Kf6 45. Kf4 1-0

[Event "4NCL Online Division 5"]
[Site "online"]
[Date "2020.05.05"]
[Round "5.52"]
[White "Mason, Ian"]
[Black "Gurjar, Roshan"]
[Result "1-0"]
[WhiteElo "1548"]
[BlackElo "1712"]
[PlyCount "77"]
[EventDate "2020.05.05"]
[WhiteTeam "CSC 5"]
[BlackTeam "Chess Warriors"]

1. d4 d5 2. c4 c6 3. Nc3 Nf6 4. Nf3 e6 5. e3 Nbd7 6. Qc2 Bd6 7. Bd3 O-O 8. O-O
Qc7 9. c5 Be7 10. e4 dxe4 11. Nxe4 Nxe4 12. Bxe4 Nf6 13. Bd3 b6 14. Bg5 Bb7 15.
b4 Rad8 16. Rfe1 Rfe8 17. a4 h6 18. Bd2 Nd5 19. a5 b5 20. Ra3 Bf6 21. Ne5 Bxe5
22. dxe5 Ne7 23. Bh7+ Kh8 24. Be4 Rd4 25. Rf3 Nf5 26. Bc3 Rc4 27. Rh3 Kg8 28.
Bd3 Rg4 29. Qe2 Rf4 30. Rd1 Ne7 31. Be4 Nd5 32. Bd2 Rxe4 33. Qxe4 Rd8 34. Qg4
Kf8 35. Rg3 f5 36. exf6 Nxf6 37. Qxe6 Qf7 38. Qe3 Re8 39. Qd3 1-0

[Event "4NCL Online Division 5"]
[Site "online"]
[Date "2020.05.05"]
[Round "5.53"]
[White "Vyas, Alisha"]
[Black "Wenninger, Maxim"]
[Result "1/2-1/2"]
[WhiteElo "1675"]
[BlackElo "1540"]
[PlyCount "136"]
[EventDate "2020.05.05"]
[WhiteTeam "Chess Warriors"]
[BlackTeam "CSC 5"]

1. e4 c6 2. d4 d5 3. Nd2 dxe4 4. Nxe4 Bf5 5. Ng3 Bg6 6. Nf3 Nd7 7. Bd3 Bxd3 8.
Qxd3 e6 9. O-O Ngf6 10. Re1 Be7 11. Bf4 Nd5 12. Bd2 O-O 13. Rad1 c5 14. c4 N5f6
15. Bc3 Re8 16. Ng5 h6 17. N5e4 cxd4 18. Bxd4 Qc7 19. Nxf6+ Bxf6 20. Bxf6 Nxf6
21. h3 Qa5 22. a3 Rac8 23. Ne4 Nxe4 24. Qxe4 Qc7 25. Rc1 Red8 26. Red1 b6 27.
Rxd8+ Rxd8 28. Qe3 Rc8 29. Qe4 Qe7 30. b4 a5 31. Qe1 Qg5 32. Qc3 Kh8 33. bxa5
Qxa5 34. Qxa5 bxa5 35. c5 Kg8 36. Kf1 Kf8 37. Ke2 Ke7 38. Ke3 Kd7 39. Kd4 Kc6
40. Kc4 Rb8 41. Rc2 Rb5 42. Kd4 Rb3 43. a4 Ra3 44. Rc4 Ra2 45. Ke3 f6 46. g3 g6
47. h4 g5 48. Kf3 Rd2 49. Re4 Kd5 50. hxg5 hxg5 51. Ke3 Rc2 52. c6 Rxc6 53.
Rd4+ Ke5 54. f4+ gxf4+ 55. Rxf4 Rc3+ 56. Kf2 f5 57. Kg2 Kf6 58. Rd4 Ra3 59. Rc4
Kf7 60. Rc7+ Kf6 61. Rc4 Ke5 62. Rc5+ Kf6 63. Rxa5 e5 64. Ra6+ Ke7 65. Ra7+ Ke6
66. Ra6+ Ke7 67. Ra7+ Ke6 68. Ra6+ Ke7 1/2-1/2

[Event "4NCL Online Division 5"]
[Site "online"]
[Date "2020.05.05"]
[Round "5.54"]
[White "Khoury, Theo"]
[Black "Gurjar, Siena"]
[Result "1-0"]
[WhiteElo "1465"]
[BlackElo "1382"]
[PlyCount "101"]
[EventDate "2020.05.05"]
[WhiteTeam "CSC 5"]
[BlackTeam "Chess Warriors"]

1. e4 c6 2. d4 d5 3. exd5 cxd5 4. c4 Nf6 5. Nc3 Bf5 6. Nf3 e6 7. Be2 Bb4 8. O-O
O-O 9. Bg5 Nc6 10. cxd5 exd5 11. Bxf6 Qxf6 12. Nxd5 Qd6 13. Ne3 Bg6 14. a3 Ba5
15. d5 Ne7 16. Nc4 Qd8 17. Qd4 Nxd5 18. Rfd1 Nf6 19. Qe5 Bc7 20. Rxd8 Bxe5 21.
Rxf8+ Kxf8 22. Nfxe5 b5 23. Nxg6+ hxg6 24. Nd6 a6 25. Bf3 Rd8 26. Ne4 Nxe4 27.
Bxe4 Rd2 28. b4 Rd4 29. Bb7 Rd6 30. g3 Rb6 31. Bf3 a5 32. bxa5 Ra6 33. Rb1 Rxa5
34. Rb3 Ke7 35. Be2 Ra6 36. Bxb5 Rb6 37. a4 Kd6 38. a5 Rb8 39. a6 Kc5 40. Kg2
f5 41. f4 Kb6 42. Bc4+ Ka7 43. Rxb8 Kxb8 44. Kf3 Ka7 45. Ke3 Kb6 46. Kd4 Ka7
47. Kc5 Ka8 48. Kb6 Kb8 49. Be6 Ka8 50. a7 g5 51. Bd5# 1-0

[Event "4NCL Online Division 5"]
[Site "online"]
[Date "2020.05.05"]
[Round "5.61"]
[White "Krawczuk, Michael J"]
[Black "Robinson, Brian"]
[Result "1-0"]
[WhiteElo "1828"]
[BlackElo "1750"]
[PlyCount "101"]
[EventDate "2020.05.05"]
[WhiteTeam "Wessex Some Stars C"]
[BlackTeam "Bishop Trojans"]

1. e4 e6 2. d4 d5 3. Nc3 Nf6 4. e5 Nfd7 5. Nce2 c5 6. c3 Nc6 7. Nf3 f6 8. exf6
Nxf6 9. g3 Be7 10. Bg2 O-O 11. O-O Bd7 12. Bf4 Rc8 13. Re1 Re8 14. Qd3 Ne4 15.
Ne5 Nxe5 16. Bxe5 c4 17. Qe3 Nd6 18. Rad1 Nf7 19. f4 Nxe5 20. Qxe5 Qb6 21. Rd2
Qd6 22. Qh5 Bf6 23. Kh1 g6 24. Qf3 Bg7 25. Ng1 Rf8 26. Qe3 Rce8 27. Nf3 b5 28.
a3 a5 29. Rde2 Rf7 30. Qd2 Bc8 31. Re3 Rfe7 32. R1e2 b4 33. axb4 axb4 34. Ne5
bxc3 35. bxc3 Ra7 36. h3 Qb6 37. Kh2 Kh8 38. Ng4 Rae7 39. Bxd5 Qb5 40. Bg2 Bf8
41. Re5 Qb6 42. Qb2 Qxb2 43. Rxb2 Ra7 44. Ree2 Ra3 45. Rec2 Bg7 46. Ne3 Bxd4
47. cxd4 Rxe3 48. Rxc4 Rd3 49. Rb8 Bd7 50. Rxe8+ Bxe8 51. Rc8 1-0

[Event "4NCL Online Division 5"]
[Site "online"]
[Date "2020.05.05"]
[Round "5.62"]
[White "Smith, Peter J"]
[Black "Chilton, James I"]
[Result "1-0"]
[WhiteElo "1667"]
[BlackElo "1725"]
[PlyCount "97"]
[EventDate "2020.05.05"]
[WhiteTeam "Bishop Trojans"]
[BlackTeam "Wessex Some Stars C"]

1. h3 d5 2. a3 e5 3. d3 c5 4. c3 Nc6 5. Qc2 Nf6 6. Nd2 Be6 7. e4 d4 8. c4 Be7
9. Ngf3 h6 10. Be2 a6 11. g4 Nd7 12. Nf1 Bg5 13. Bxg5 hxg5 14. Ng3 g6 15. Ng1
b5 16. b3 bxc4 17. bxc4 Qa5+ 18. Kf1 Rb8 19. Nf5 Bxf5 20. exf5 gxf5 21. gxf5
Ne7 22. Bg4 e4 23. Rb1 O-O 24. dxe4 Ne5 25. Qc1 Rxb1 26. Qxb1 Nxc4 27. Kg2 Nc6
28. Qb7 N6e5 29. Nf3 Nxf3 30. Bxf3 Ne5 31. Bg4 Qxa3 32. Qe7 f6 33. h4 Rf7 34.
Qe8+ Rf8 35. Qh5 Rf7 36. hxg5 Kf8 37. Qh8+ Ke7 38. g6 Nxg4 39. gxf7 Ne5 40.
f8=Q+ Kd7 41. Rh7+ Kc6 42. Qhxf6+ Kb5 43. Rb7+ Kc4 44. Qxe5 Kd3 45. Qfxc5 Qc1
46. Qexd4+ Ke2 47. Qe3+ Qxe3 48. Qxe3+ Kd1 49. Qd3+ 1-0

[Event "4NCL Online Division 5"]
[Site "online"]
[Date "2020.05.05"]
[Round "5.63"]
[White "Pankaj Tomar"]
[Black "Bainbridge, Bryan J"]
[Result "1-0"]
[WhiteElo "1525"]
[BlackElo "1570"]
[PlyCount "61"]
[EventDate "2020.05.05"]
[WhiteTeam "Wessex Some Stars C"]
[BlackTeam "Bishop Trojans"]

1. e4 e6 2. d4 a6 3. Nf3 b5 4. c4 b4 5. Be2 Bb7 6. Nbd2 c5 7. d5 exd5 8. exd5
d6 9. O-O Be7 10. b3 Bf6 11. Rb1 Nd7 12. Ne4 Be7 13. Bf4 Ndf6 14. Nfd2 Nxe4 15.
Nxe4 Nf6 16. f3 h6 17. Qd2 Bc8 18. Bd3 Nxe4 19. fxe4 Bg5 20. Rbe1 f6 21. g3 Bh3
22. Rf2 Qd7 23. Bf1 Bg4 24. h4 Bxf4 25. Qxf4 Bh5 26. Be2 Bxe2 27. Rexe2 O-O-O
28. a3 a5 29. axb4 axb4 30. Ra2 Kc7 31. Ra7+ 1-0

[Event "4NCL Online Division 5"]
[Site "online"]
[Date "2020.05.05"]
[Round "5.64"]
[White "Berry, Robert"]
[Black "Cuthbert, Larissa"]
[Result "0-1"]
[WhiteElo "1562"]
[BlackElo "1010"]
[PlyCount "74"]
[EventDate "2020.05.05"]
[WhiteTeam "Bishop Trojans"]
[BlackTeam "Wessex Some Stars C"]

1. e4 e6 2. d4 d5 3. e5 c5 4. c3 Nc6 5. Nf3 Qb6 6. Be2 Nh6 7. b3 Nf5 8. dxc5
Bxc5 9. b4 Bxf2+ 10. Kf1 Ne3+ 11. Bxe3 Bxe3 12. a4 a5 13. b5 Ne7 14. Qd3 Ng6
15. Na3 Nf4 16. Qc2 Bd7 17. Qb3 Rc8 18. c4 d4 19. Bd3 O-O 20. Rd1 f6 21. g3 Nh3
22. Ke2 Nf2 23. Nc2 Nxh1 24. Rxh1 fxe5 25. Rd1 Bc6 26. Nxe5 Rf2+ 27. Ke1 Bf3
28. Nxf3 Rxf3 29. Be4 Bf2+ 30. Ke2 Rxb3 31. Kxf2 d3+ 32. Ne3 Rb2+ 33. Kf3 h5
34. Bxd3 e5 35. Ke4 Qd4+ 36. Kf3 Rf8+ 37. Nf5 Rf2# 0-1

[Event "4NCL Online Division 5"]
[Site "online"]
[Date "2020.05.05"]
[Round "5.71"]
[White "O'neill, Sam"]
[Black "Porter, Andrew"]
[Result "1-0"]
[WhiteElo "1889"]
[BlackElo "1675"]
[PlyCount "73"]
[EventDate "2020.05.05"]
[WhiteTeam "Gonzaga D"]
[BlackTeam "Bristol University B"]

1. e4 c5 2. Nf3 Nc6 3. d4 cxd4 4. Nxd4 Nf6 5. Nc3 e6 6. Nxc6 bxc6 7. e5 Nd5 8.
Ne4 d6 9. c4 dxe5 10. cxd5 exd5 11. Ng3 g6 12. Bd3 Bg7 13. O-O O-O 14. Qc2 Bb7
15. Bd2 Qh4 16. Rac1 Kh8 17. f4 e4 18. Be2 Rae8 19. Bb4 Bd4+ 20. Kh1 Be3 21.
Bxf8 Rxf8 22. Qc3+ d4 23. Qb4 Rb8 24. Rxc6 Bxf4 25. Qxd4+ Kg8 26. Rxf4 Qxf4 27.
Rf6 Qc1+ 28. Rf1 Qc2 29. Qxa7 Qc7 30. Nxe4 Ra8 31. Nf6+ Kf8 32. Qd4 Rd8 33.
Nxh7+ Kg8 34. Nf6+ Kf8 35. Qh4 Qc6 36. Bf3 Qc4 37. Qxc4 1-0

[Event "4NCL Online Division 5"]
[Site "online"]
[Date "2020.05.05"]
[Round "5.72"]
[White "Kelly, Aaron"]
[Black "Moran, Hugh"]
[Result "1-0"]
[WhiteElo "1600"]
[BlackElo "1711"]
[PlyCount "113"]
[EventDate "2020.05.05"]
[WhiteTeam "Bristol University B"]
[BlackTeam "Gonzaga D"]

1. e4 d6 2. d4 Nf6 3. Nc3 e5 4. Nf3 Nbd7 5. Bc4 Be7 6. O-O O-O 7. Re1 c6 8. d5
Qc7 9. a4 a5 10. Be3 h6 11. h3 cxd5 12. Bxd5 Nb6 13. Nb5 Qd8 14. Bxb6 Qxb6 15.
c4 Nxd5 16. Qxd5 Be6 17. Qd3 Rac8 18. b3 f5 19. exf5 Bxf5 20. Qe3 Qxe3 21. Rxe3
Rf6 22. Rd1 Rg6 23. Kh2 e4 24. Nfd4 Bg5 25. Nxf5 Rc5 26. Rd5 Rxd5 27. cxd5 Rf6
28. Nfxd6 Bxe3 29. fxe3 b6 30. Nxe4 Rf7 31. d6 Kf8 32. g4 Ke8 33. Kg3 Kd7 34.
Nd4 Rf1 35. Nf5 Rb1 36. Nxg7 Rxb3 37. Kf4 Rb4 38. Nf5 Rxa4 39. Nxh6 Rc4 40. g5
a4 41. g6 a3 42. g7 Rxe4+ 43. Kxe4 a2 44. g8=Q a1=Q 45. Qf7+ Kxd6 46. Nf5+ Kc6
47. Nd4+ Kd6 48. Qe6+ Kc7 49. Qc6+ Kd8 50. Qxb6+ Kd7 51. Qc6+ Ke7 52. Qe6+ Kf8
53. Qf6+ Ke8 54. Qe5+ Kf7 55. Qf5+ Ke7 56. Nc6+ Ke8 57. Qe5+ 1-0

[Event "4NCL Online Division 5"]
[Site "online"]
[Date "2020.05.05"]
[Round "5.73"]
[White "Murray, Sam"]
[Black "Baugh, Michael"]
[Result "1-0"]
[WhiteElo "1613"]
[BlackElo "1495"]
[PlyCount "63"]
[EventDate "2020.05.05"]
[WhiteTeam "Gonzaga D"]
[BlackTeam "Bristol University B"]

1. d4 Nf6 2. g4 Nxg4 3. e4 d5 4. Be2 Nf6 5. exd5 Nxd5 6. c4 Nf6 7. Nc3 c5 8.
Nf3 cxd4 9. Qxd4 Qxd4 10. Nxd4 e5 11. Ndb5 Na6 12. Be3 Bb4 13. O-O-O O-O 14.
Rhg1 Kh8 15. Bg5 Bxc3 16. Nxc3 Nd7 17. Ne4 f6 18. Be3 f5 19. Nd6 Nf6 20. f4
exf4 21. Bxf4 Be6 22. Nxb7 Rac8 23. b3 Nc5 24. Nxc5 Rxc5 25. Bd6 Rcc8 26. Bxf8
Rxf8 27. Bf3 Ne4 28. Bxe4 fxe4 29. Rgf1 Re8 30. Rd4 Bg4 31. Rxe4 Rd8 32. Rxg4
1-0

[Event "4NCL Online Division 5"]
[Site "online"]
[Date "2020.05.05"]
[Round "5.74"]
[White "Tsoukis, Marios"]
[Black "Tempany, Max"]
[Result "0-1"]
[WhiteElo "1120"]
[BlackElo "1634"]
[PlyCount "44"]
[EventDate "2020.05.05"]
[WhiteTeam "Bristol University B"]
[BlackTeam "Gonzaga D"]

1. e4 c5 2. Nf3 d6 3. d4 cxd4 4. Nxd4 Nf6 5. Nc3 a6 6. Bg5 e6 7. Be2 h6 8. Bh4
Qb6 9. Nb3 Be7 10. O-O O-O 11. Re1 Nbd7 12. Bc4 Qc7 13. Bd3 b5 14. Ne2 Bb7 15.
Nf4 g5 16. Nd4 gxf4 17. Bxf6 Nxf6 18. Qf3 Qc5 19. Ne2 e5 20. Qh3 Kh7 21. Qf5+
Kh8 22. Nc3 Bc8 0-1

[Event "4NCL Online Division 5"]
[Site "online"]
[Date "2020.05.05"]
[Round "5.81"]
[White "Whatmore, Steve"]
[Black "Hutton, Allan"]
[Result "1-0"]
[WhiteElo "1817"]
[BlackElo "1600"]
[PlyCount "47"]
[EventDate "2020.05.05"]
[WhiteTeam "Rugeley"]
[BlackTeam "Broken Herts 1"]

1. d4 Nf6 2. c4 e6 3. Nf3 b6 4. g3 Bb7 5. Bg2 Bb4+ 6. Nbd2 O-O 7. O-O Nc6 8. a3
Be7 9. e4 d5 10. cxd5 exd5 11. e5 Ne8 12. Re1 Bc8 13. Qc2 Na5 14. b4 Nb7 15.
Nb3 Be6 16. Bf4 Rc8 17. b5 Qd7 18. Bf1 c5 19. bxc6 Qxc6 20. Qd2 Qa4 21. Qb2 Na5
22. Nxa5 Qxa5 23. Bd2 Qa4 24. Bb5 1-0

[Event "4NCL Online Division 5"]
[Site "online"]
[Date "2020.05.05"]
[Round "5.82"]
[White "Elder, Kidge"]
[Black "Carr, Matthew"]
[Result "1-0"]
[WhiteElo "1555"]
[BlackElo "1692"]
[PlyCount "69"]
[EventDate "2020.05.05"]
[WhiteTeam "Broken Herts 1"]
[BlackTeam "Rugeley"]

1. d4 Nf6 2. e3 e6 3. c4 Nc6 4. Bd2 d5 5. c5 Ne4 6. a3 Qf6 7. Qf3 Be7 8. Bd3
Qxf3 9. Nxf3 f5 10. O-O O-O 11. b4 b6 12. Bc1 bxc5 13. dxc5 Bf6 14. Ra2 d4 15.
Bxe4 fxe4 16. Nxd4 Nxd4 17. exd4 Bxd4 18. Re1 Bb7 19. Be3 e5 20. Nd2 Bd5 21.
Rc2 Rae8 22. Nc4 Rf6 23. Ree2 Ra6 24. Bc1 Ra4 25. Nd2 Rd8 26. Nxe4 Bxe4 27.
Rxe4 Bc3 28. Kf1 Rd1+ 29. Ke2 Re1+ 30. Kf3 Ra6 31. Rxe1 Bxe1 32. Ke2 Bxf2 33.
Kxf2 Re6 34. Be3 c6 35. Rd2 1-0

[Event "4NCL Online Division 5"]
[Site "online"]
[Date "2020.05.05"]
[Round "5.83"]
[White "Sullivan, Luke"]
[Black "Kapur, Gul"]
[Result "1/2-1/2"]
[WhiteElo "1585"]
[BlackElo "1510"]
[PlyCount "122"]
[EventDate "2020.05.05"]
[WhiteTeam "Rugeley"]
[BlackTeam "Broken Herts 1"]

1. Nf3 d5 2. c4 d4 3. d3 c5 4. g3 Bg4 5. Bg2 Nc6 6. Nbd2 Nf6 7. O-O e6 8. Re1
Be7 9. Nf1 O-O 10. h3 Bh5 11. a3 a5 12. Qc2 e5 13. Bd2 Re8 14. e3 Bg6 15. Nh4
dxe3 16. Rxe3 Nd4 17. Qd1 Qb8 18. Nxg6 hxg6 19. Bc3 Ra6 20. Bxd4 cxd4 21. Re2
b5 22. cxb5 Qxb5 23. Rc1 Bd6 24. Rec2 Raa8 25. Bxa8 Rxa8 26. Qf3 Rd8 27. Nd2
Nd7 28. Ne4 Be7 29. h4 f5 30. Nd2 Nf6 31. Nf1 e4 32. Qd1 exd3 33. Rd2 Ne4 34.
Rxd3 Qxb2 35. Qb3+ Qxb3 36. Rxb3 Nc3 37. Re1 Bf6 38. Nd2 Kh7 39. Nf3 d3 40. Nd2
Kh6 41. Rxc3 Bxc3 42. Rd1 Rd4 43. Nb3 Rd5 44. Nd2 g5 45. hxg5+ Kxg5 46. Kg2 Kf6
47. Kf3 g5 48. g4 Bxd2 49. Rxd2 f4 50. Ke4 Ke6 51. f3 Kd6 52. Rxd3 Rxd3 53.
Kxd3 Kc5 54. Kc3 Kb5 55. Kb3 a4+ 56. Kc3 Kc5 57. Kd3 Kd5 58. Kc3 Ke5 59. Kd3
Kd5 60. Kc3 Kc5 61. Kd3 Kd5 1/2-1/2

[Event "4NCL Online Division 5"]
[Site "online"]
[Date "2020.05.05"]
[Round "5.84"]
[White "Zsibrita, Steve"]
[Black "Wood, Ryan"]
[Result "0-1"]
[WhiteElo "1495"]
[BlackElo "1322"]
[PlyCount "96"]
[EventDate "2020.05.05"]
[WhiteTeam "Broken Herts 1"]
[BlackTeam "Rugeley"]

1. d4 d5 2. e3 Nf6 3. Bd3 e6 4. f4 c5 5. c3 Nc6 6. Nf3 Bd6 7. Ne5 O-O 8. O-O
Bd7 9. Nd2 a6 10. Qf3 b5 11. g4 b4 12. g5 bxc3 13. bxc3 Bxe5 14. fxe5 Ne4 15.
Nxe4 dxe4 16. Bxe4 Qxg5+ 17. Kh1 Rac8 18. Rg1 Qe7 19. Ba3 Qd8 20. Bxc5 Re8 21.
Raf1 Rf8 22. Bxf8 Qxf8 23. Qh5 g6 24. Rf2 Kh8 25. Qh4 Qg7 26. Qf6 Rf8 27. Rc1
a5 28. Qxg7+ Kxg7 29. Bxc6 Bxc6+ 30. Kg1 Rc8 31. c4 Bd5 32. c5 h5 33. h4 Rc7
34. Rb2 g5 35. hxg5 Kg6 36. a3 Kxg5 37. Kh2 Kf5 38. Kg3 Rc8 39. Rf2+ Kg6 40.
Rg1 Kg7 41. Kh4+ Kf8 42. Rg7 Kxg7 43. Kxh5 Rh8+ 44. Kg5 Rh3 45. Kf4 Rh1 46. Rc2
Bc6 47. Rb2 Rh8 48. Rg2+ Bxg2 0-1

[Event "4NCL Online Division 5"]
[Site "online"]
[Date "2020.05.05"]
[Round "5.91"]
[White "Draper, Martin"]
[Black "Palmer, Alan H"]
[Result "1-0"]
[WhiteElo "1525"]
[BlackElo "1787"]
[PlyCount "95"]
[EventDate "2020.05.05"]
[WhiteTeam "Warley and Quinborne"]
[BlackTeam "Battersea Pawnbreakers"]

1. d4 f5 2. Bf4 Nf6 3. e3 e6 4. Nf3 b6 5. c4 Bb7 6. Be2 Be7 7. Nc3 O-O 8. h4
Ne4 9. h5 d6 10. Qb3 Nxc3 11. Qxc3 Bf6 12. Bg3 Nd7 13. Qb3 Qe7 14. O-O-O Rab8
15. h6 g5 16. Bh2 g4 17. Nd2 Kh8 18. f3 gxf3 19. Bxf3 Bxf3 20. gxf3 Rg8 21.
Rdg1 Qf7 22. Qa4 a5 23. Bg3 Nf8 24. Qc6 Ng6 25. f4 e5 26. fxe5 dxe5 27. Nf3
exd4 28. exd4 f4 29. Bf2 Rgd8 30. Re1 Rd6 31. Qb5 c6 32. Qb3 b5 33. c5 Qxb3 34.
axb3 Rd5 35. Re6 Rf5 36. Rxc6 Ne7 37. Rb6 Rxb6 38. cxb6 Nc6 39. Re1 Kg8 40.
Re8+ Kf7 41. Rc8 Nd8 42. Rc7+ Kg6 43. b7 Nxb7 44. Rxb7 Kxh6 45. Rb6 Kh5 46. Rb7
h6 47. Kc2 Be7 48. Rxe7 1-0

[Event "4NCL Online Division 5"]
[Site "online"]
[Date "2020.05.05"]
[Round "5.92"]
[White "Valentine, Tim"]
[Black "Berry, Steve"]
[Result "1-0"]
[WhiteElo "1712"]
[BlackElo "1480"]
[PlyCount "81"]
[EventDate "2020.05.05"]
[WhiteTeam "Battersea Pawnbreakers"]
[BlackTeam "Warley and Quinborne"]

1. e4 e6 2. d4 c6 3. Nf3 Be7 4. Bd3 d6 5. O-O Nf6 6. c4 Nfd7 7. Nc3 e5 8. Ne2
Qc7 9. Ng3 Nf6 10. b3 O-O 11. Bb2 Nbd7 12. Qd2 exd4 13. Nf5 Ne5 14. N3xd4 Ng6
15. Rae1 Nd7 16. Nxg7 Bf6 17. Ngf5 Nde5 18. Nh6+ Kh8 19. Ndf5 Qd8 20. f4 Nd7
21. Nxd6 Qe7 22. e5 Bg7 23. Ndf5 Qd8 24. Nxg7 Kxg7 25. e6+ f6 26. Nf5+ Kh8 27.
exd7 Bxd7 28. Nd4 Qb6 29. Bxg6 hxg6 30. Qf2 Qc5 31. Qh4+ Kg7 32. Kh1 Qd6 33.
Re3 Rae8 34. Rfe1 Rxe3 35. Rxe3 c5 36. Nf3 Bc6 37. Ng5 Rh8 38. Qxh8+ Kxh8 39.
Nf7+ Kg7 40. Nxd6 Kh7 41. Bxf6 1-0

[Event "4NCL Online Division 5"]
[Site "online"]
[Date "2020.05.05"]
[Round "5.93"]
[White "Lewis, John B"]
[Black "Welch, Stephen T"]
[Result "1-0"]
[WhiteElo "1465"]
[BlackElo "1457"]
[PlyCount "55"]
[EventDate "2020.05.05"]
[WhiteTeam "Warley and Quinborne"]
[BlackTeam "Battersea Pawnbreakers"]

1. d4 d5 2. c4 c6 3. Nc3 Nf6 4. Bg5 Bf5 5. e3 Nbd7 6. cxd5 cxd5 7. Bxf6 Nxf6 8.
Bb5+ Bd7 9. Rc1 e6 10. a3 Be7 11. Nf3 O-O 12. O-O a6 13. Bd3 h6 14. Ne5 Rc8 15.
Qe2 b5 16. b4 Bd6 17. f4 Bxe5 18. fxe5 Ne8 19. e4 dxe4 20. Qxe4 g6 21. Qe3 h5
22. Qh6 Ng7 23. Ne4 Ne8 24. Ng5 Qxg5 25. Qxg5 Ng7 26. Qe7 Rcd8 27. Rc7 Bc8 28.
Rxf7 1-0

[Event "4NCL Online Division 5"]
[Site "online"]
[Date "2020.05.05"]
[Round "5.94"]
[White "Rebbeck, Christopher"]
[Black "Woodward, Pauline"]
[Result "1-0"]
[WhiteElo "1412"]
[BlackElo "1262"]
[PlyCount "107"]
[EventDate "2020.05.05"]
[WhiteTeam "Battersea Pawnbreakers"]
[BlackTeam "Warley and Quinborne"]

1. e4 d6 2. d4 Nf6 3. Nc3 g6 4. Nf3 Bg7 5. Bc4 O-O 6. O-O c6 7. h3 b5 8. Bd3 b4
9. Ne2 Ba6 10. Nf4 Bxd3 11. cxd3 a5 12. a3 Na6 13. e5 dxe5 14. dxe5 Nd7 15. e6
Ndc5 16. Ng5 f6 17. Nf3 Qc8 18. d4 Nxe6 19. Qb3 Nac7 20. Re1 a4 21. Qc4 Qa6 22.
Qxa6 Rxa6 23. Nxe6 Nxe6 24. Rxe6 b3 25. Rxe7 f5 26. Bd2 Bf6 27. Rd7 c5 28. Bg5
c4 29. Bxf6 Raxf6 30. Rc1 Rc6 31. Ne5 Rcc8 32. Rxc4 Rxc4 33. Nxc4 Re8 34. Kf1
Re4 35. Nb6 Kf8 36. Nxa4 Ke8 37. Nc5 Rf4 38. Rd5 Ke7 39. Nxb3 Ke6 40. Rc5 Kd6
41. a4 Re4 42. a5 Rxd4 43. Rc6+ Kd5 44. Rd6+ Kxd6 45. Nxd4 Kc7 46. b4 Kb7 47.
Nc2 Ka6 48. Ke2 Kb5 49. Kd3 g5 50. Kd4 f4 51. Ke4 h6 52. Kf5 Ka6 53. Kg6 Kb5
54. Kxh6 1-0

[Event "4NCL Online Division 5"]
[Site "online"]
[Date "2020.05.05"]
[Round "5.101"]
[White "Chen, Daniel Xingyu"]
[Black "Brown, Geoffrey D"]
[Result "1/2-1/2"]
[WhiteElo "1832"]
[BlackElo "1726"]
[PlyCount "82"]
[EventDate "2020.05.05"]
[WhiteTeam "Warwickshire Bears B"]
[BlackTeam "Darnall & Handsworth"]

1. e4 c5 2. Nf3 d6 3. Bb5+ Nc6 4. Bxc6+ bxc6 5. O-O Nf6 6. Re1 e5 7. c3 Be7 8.
d4 Bg4 9. dxe5 Bxf3 10. Qxf3 dxe5 11. Be3 O-O 12. Nd2 Qd3 13. Red1 Rad8 14. Bg5
h6 15. Bxf6 Bxf6 16. Qxd3 Rxd3 17. Nc4 Rfd8 18. Rxd3 Rxd3 19. Kf1 Kf8 20. Ke2
Rd7 21. Rd1 Ke7 22. Rxd7+ Kxd7 23. Kd3 Ke6 24. Na5 Kd6 25. Nb7+ Kc7 26. Nxc5
Be7 27. Nb3 g6 28. Nd2 Bc5 29. Nc4 f6 30. Ne3 h5 31. f3 a6 32. b4 Ba7 33. a4
Bb6 34. c4 Bd4 35. Nc2 Bg1 36. h3 c5 37. b5 a5 38. Ne3 Kb7 39. g4 Bxe3 40. Kxe3
h4 41. f4 g5 1/2-1/2

[Event "4NCL Online Division 5"]
[Site "online"]
[Date "2020.05.05"]
[Round "5.102"]
[White "Brennan, Oliver"]
[Black "Monga, Kanav"]
[Result "1-0"]
[WhiteElo "1712"]
[BlackElo "1682"]
[PlyCount "55"]
[EventDate "2020.05.05"]
[WhiteTeam "Darnall & Handsworth"]
[BlackTeam "Warwickshire Bears B"]

1. e4 c5 2. d4 cxd4 3. c3 d3 4. Bxd3 Nf6 5. c4 g6 6. Nc3 Bg7 7. e5 Nh5 8. g4
Ng3 9. fxg3 Bxe5 10. Bh6 Nc6 11. Nf3 Bf6 12. Rc1 d6 13. g5 Bxc3+ 14. bxc3 Bg4
15. O-O Ne5 16. Be2 Qb6+ 17. Qd4 Qb2 18. Rce1 Rg8 19. Nxe5 Bxe2 20. Rf2 dxe5
21. Qxe5 e6 22. Rfxe2 Qb6+ 23. c5 Qc6 24. Qd6 Qc8 25. Rxe6+ fxe6 26. Rxe6+ Qxe6
27. Qxe6+ Kd8 28. Qxg8+ 1-0